000 00596nam a22001577a 4500
999 _c114884
_d114884
005 20191130120553.0
008 191130b ||||| |||| 00| 0 eng d
020 _a9789696520313
040 _cPK-LaUMT
082 _aMSC 915.491
_bKHA-Y
100 _aKhalil Tauqar = خلیل طوقار
245 _aYeh he mera Pakistan! = یہ ہے میرا پاکستان:
_bایک ترک سیاح کا اردو میں تحریر کردہ سفر نامہ پاکستان /
_cby Khalil Tauqar = خلیل طوقار
260 _aLahore :
_bJumhoori Publications,
_c2015
300 _a294 p.
942 _cBK